Selling sucks (Бичлэгийн дугаар. 145578)
| 000 -УДИРДЛАГА | |
|---|---|
| Удирдлага | 01705 a2200469 4500 |
| 003 - ХЯНАЛТЫН ТОО ТОДОРХОЙЛОГЧ | |
| Код | MN-UlNUM |
| 005 - БИЧИЛТ ХИЙСЭН ОГНОО | |
| Тухайн бичилтийг бичсэн засварласан сүүлийн огноо | 20251113150428.0 |
| 008 - ЕРӨНХИЙ МЭДЭЭЛЭЛ | |
| Ерөнхий мэдээлэл | 110605s2007 njua 001 0 eng |
| 020 ## - ISBN | |
| ISBN | 0470116250 |
| 040 ## - БИЧЛЭГ ҮҮСГЭГЧ БАЙГУУЛЛАГА | |
| Бичлэг үүсгэгч номын сангийн код | МУИС-ийн номын сан |
| 084 ## - ББК АНГИЛАЛ | |
| ББК ангилал | 65.290-2 |
| Зохиогчийн гурван тэмдэгт | R 92 |
| Нэмэлт тусгалт | Сурах бичиг |
| Мэдлэгийн ялгаа | 65 - Эдийн засаг |
| 100 1# - ЗОХИОГЧ | |
| Зохиогчийн нэр | Rumbauskas, Frank J. |
| Зохиогчийн огноо | 1973- |
| 245 10 - ҮНДСЭН ГАРЧИГ | |
| Номын нэр | Selling sucks |
| Бага гарчгийн мэдээ | how to stop selling and start getting prospects to buy! |
| Оролцогчдын тухай мэдээ | Frank J. Rumbauskas Jr. |
| 260 ## - ГАРАЛТЫН МЭДЭЭ | |
| Хэвлэгдсэн газар | Hoboken, N.J. : |
| Хэвлэлийн газар | John Wiley & Sons, Inc., |
| Хэвлэгдсэн он | 2007 |
| 300 ## - МАТЕРИАЛЫН ТОДОРХОЙЛОЛТ | |
| хуудасны тоо | xii , 163 p. : |
| Бусад тоон мэдээлэл | ill. |
| Хэмжээ | 23 cm |
| 500 ## - Тайлбар | |
| Дансны дугаар | БС 5842 |
| 546 ## - ХЭЛНИЙ ТУХАЙ МЭДЭЭ | |
| Хэл | Англи хэл дээр, |
| 653 ## - Түлхүүр үг | |
| Түлхүүр үг | selling |
| 653 ## - Түлхүүр үг | |
| Түлхүүр үг | marketing |
| 653 ## - Түлхүүр үг | |
| Түлхүүр үг | economic |
| 740 ## - НОМЫН ГАРЧИГ | |
| Гарчиг | It?s True - Selling Sucks! |
| 740 ## - НОМЫН ГАРЧИГ | |
| Гарчиг | Top Sales Pros Are Master Persuaders |
| 740 ## - НОМЫН ГАРЧИГ | |
| Гарчиг | Top Sales Pros Don't Cold Call |
| 740 ## - НОМЫН ГАРЧИГ | |
| Гарчиг | Top Sales Pros Get And Keep Their Power |
| 740 ## - НОМЫН ГАРЧИГ | |
| Гарчиг | Top Sales Pros Don't Go To Networking Clubs |
| 740 ## - НОМЫН ГАРЧИГ | |
| Гарчиг | Top Sales Pros Get Hot Referrals |
| 740 ## - НОМЫН ГАРЧИГ | |
| Гарчиг | Top Sales Pros Are Competent Public Speakers |
| 740 ## - НОМЫН ГАРЧИГ | |
| Гарчиг | Top Sales Pros Think Like Business Owners |
| 740 ## - НОМЫН ГАРЧИГ | |
| Гарчиг | Top Sales Pros Are Recognized Experts |
| 740 ## - НОМЫН ГАРЧИГ | |
| Гарчиг | Top Sales Pros Get And Use Free P.R. |
| 740 ## - НОМЫН ГАРЧИГ | |
| Гарчиг | Top Sales Pros Are Internet-Savvy |
| 740 ## - НОМЫН ГАРЧИГ | |
| Гарчиг | Top Sales Pros Give First and Get Later |
| 740 ## - НОМЫН ГАРЧИГ | |
| Гарчиг | Top Sales Pros Build Communities Of Prospects |
| 740 ## - НОМЫН ГАРЧИГ | |
| Гарчиг | Top Sales Pros Automate |
| 740 ## - НОМЫН ГАРЧИГ | |
| Гарчиг | Top Sales Pros Build and Use Systems |
| 740 ## - НОМЫН ГАРЧИГ | |
| Гарчиг | Top Sales Pros Don't Use Closes |
| 740 ## - НОМЫН ГАРЧИГ | |
| Гарчиг | Top Sales Pros' Customers Are an Exclusive Club |
| 740 ## - НОМЫН ГАРЧИГ | |
| Гарчиг | Now It's Your Turn to Become a Top Sales Pro! |
| 942 ## - ЭЛЕМЕНТИЙН ТӨРӨЛ | |
| Зүйлийн төрөл | Ном |
